|
|
|
|
| LEADER |
00000cam a2200000 a 4500 |
| 001 |
vtls001261293 |
| 003 |
SK-MaSNL |
| 005 |
20260301064328.0 |
| 008 |
210928s1973 xr c 0000j cze |
| 035 |
|
|
|a SNK000212158
|
| 040 |
|
|
|a SNK
|b slo
|c SNK
|e AACR2
|
| 041 |
1 |
|
|a cze
|h ger
|
| 044 |
|
|
|a xr
|c CZ
|
| 100 |
1 |
|
|a Holtz-Baumert, Gerhard,
|d 1927-1996
|4 aut
|9 228560
|
| 245 |
1 |
0 |
|a Alfíkovy trampoty
|c Gerhard Holtz-Baumert ; z německých originál;u vybrala, přeložila a upravila Eva Bergmannová ; ilustroval Jaroslav Malák
|
| 260 |
|
|
|a Praha
|b Albatros
|c 1973
|
| 300 |
|
|
|a 45, [1] s.
|c 8°
|
| 655 |
|
7 |
|a nemecké príbehy
|2 SNKPH
|9 70667
|
| 655 |
|
7 |
|a literatúra pre deti a mládež
|2 SNKPH
|9 189378
|
| 700 |
1 |
|
|a Bergmannová, Eva
|4 trl
|4 com
|9 381482
|
| 700 |
1 |
|
|a Malák, Jaroslav,
|d 1928-2012
|4 ill
|9 153443
|
| 852 |
|
|
|a Slovenská národná knižnica
|
| 958 |
|
|
|a RK
|
| 958 |
|
|
|a OND
|
| 999 |
|
|
|c 626387
|d 628317
|
| 952 |
|
|
|t P60, <04>, [BOOK], {604}
|a SNK
|b SNK
|y VYP
|7 0
|o snkIC 56066
|i snkKIP 10015/73
|0 0
|1 0
|4 0
|d 1996-08-07
|l 0
|r 2005-01-01 00:00:00
|w 2026-02-23
|
| 952 |
|
|
|t P60, <04>, [BOOK], {604}
|a SNK
|b SNK
|y VYP
|7 0
|o snkIC 56066 D1
|i snkKIP 10016/73
|0 0
|1 0
|4 0
|d 1996-08-07
|l 0
|r 2005-01-01 00:00:00
|w 2026-02-23
|